|
|
|
|
| LEADER |
00000nam0a2200000 4500 |
| 001 |
36537 |
| 005 |
20231031002050.0 |
| 035 |
|
|
|a (RuTPU)RU\TPU\book\37011
|
| 035 |
|
|
|a BOOK00003663
|
| 090 |
|
|
|a 36537
|
| 100 |
|
|
|a 20011210d1982 km y0rusy50 ca
|
| 101 |
0 |
|
|a rus
|
| 102 |
|
|
|a RU
|
| 105 |
|
|
|a y z 000zy
|
| 200 |
1 |
|
|a Человек и природа: гармония или конфликт?
|f В. С. Мурманцев, Н. В. Юшкина
|
| 210 |
|
|
|a Москва
|c Советская Россия
|d 1982
|
| 215 |
|
|
|a 176 с.
|
| 225 |
1 |
|
|a Социалистический образ жизни
|
| 610 |
1 |
|
|a экология
|
| 610 |
1 |
|
|a окружающая среда
|
| 610 |
1 |
|
|a охрана
|
| 610 |
1 |
|
|a человек
|
| 610 |
1 |
|
|a природа
|
| 610 |
1 |
|
|a гармония
|
| 610 |
1 |
|
|a конфликт
|
| 675 |
|
|
|a 502
|v 3
|
| 700 |
|
1 |
|a Мурманцев
|b В. С.
|g Владимир Сергеевич
|
| 701 |
|
1 |
|a Юшкина
|b Н. В.
|g Нина Васильевна
|
| 801 |
|
0 |
|a RU
|b 63413507
|c 20011210
|g PSBO
|
| 801 |
|
2 |
|a RU
|b 63413507
|c 20201128
|g RCR
|
| 900 |
|
|
|a Экология
|
| 942 |
|
|
|c BK
|